Bullying in Schools A manual for activists

محفوظ في:
التفاصيل البيبلوغرافية
المؤلف الرئيسي: Pullega, Emanuele
مؤلفون مشاركون: Arcigay, Commissione Europea, Daphne
مؤلفون آخرون: Gualdi, Miles, Martelli, Matteo, Wilhelm, Wolfgang
التنسيق: كتاب
اللغة:الإنجليزية
منشور في: Arcigay 2008
الوسوم: إضافة وسم
لا توجد وسوم, كن أول من يضع وسما على هذه التسجيلة!

MARC

LEADER 00000nam a2200000 4500
005 20240818180900.0
008 240529b |||||||| |||| 00| 0 eng d
040 |c GP 
100 |a Pullega, Emanuele 
110 |a Arcigay 
245 |a Bullying in Schools  |b A manual for activists 
260 |b Arcigay  |c 2008 
700 |a Gualdi, Miles 
700 |a Martelli, Matteo 
700 |a Wilhelm, Wolfgang 
710 |a Commissione Europea 
710 |a Daphne 
942 |2 ddc  |c BK  |n 0 
952 |0 0  |1 0  |2 ddc  |4 0  |6 371_580000000000000_SCH  |7 1  |9 1334  |a RM  |b RM  |d 2024-05-29  |l 0  |o 371.58 SCH  |p 169  |r 2024-05-29 20:25:36  |w 2024-05-29  |y BK 
999 |c 1231  |d 1231